|
|
|
|
| LEADER |
00000nam a2200000 a 4500 |
| 001 |
vtls008940062 |
| 003 |
SK-MaSNL |
| 005 |
20260301210106.0 |
| 008 |
240318s2006 xo oablg 000 0 slo |
| 015 |
|
|
|a SNBA2007/04-01329
|
| 020 |
|
|
|a 8023103571
|q (brož.)
|
| 035 |
|
|
|a B9D7E62C-77C6-4508-9EF6-7E4EE8208219
|
| 035 |
|
|
|a urn:nbn:sk:snk-amjv0s
|
| 035 |
|
|
|a urn:nbn:sk:snk-am00844v
|
| 040 |
|
|
|a SNK
|b slo
|c SNK
|e AACR2
|
| 041 |
0 |
|
|a slo
|
| 044 |
|
|
|a xo
|c SK
|
| 072 |
|
7 |
|a 528
|x Geodézia. Kartografia
|2 konspekt
|
| 080 |
|
|
|a 528
|2 2001
|
| 080 |
|
|
|a (048.8)
|2 2001
|
| 100 |
1 |
|
|a Marek, Jozef,
|d 1931-2020
|4 aut
|9 214432
|
| 245 |
1 |
0 |
|a Geodetické základy
|b historický prehľad
|c Marek, Nejedlý, Priam
|
| 250 |
|
|
|a 1. vyd.
|
| 260 |
|
|
|a Bratislava
|b Slovenská spoločnosť geodetov a kartografov
|b Geodetický a kartografický ústav
|c 2006
|
| 300 |
|
|
|a 332 s.
|b fotogr., ilustr., mp., tab.
|c 29 cm
|
| 366 |
|
|
|e 400 výtl.
|
| 500 |
|
|
|a Spoluvydav. DT ZSVTS Žilina
|
| 504 |
|
|
|a Bibliogr. s. 323-327
|
| 650 |
0 |
7 |
|a dejiny geodézie
|2 SNK
|9 15984
|
| 655 |
|
7 |
|a prehľady
|2 SNKPH
|9 70194
|
| 700 |
1 |
|
|a Nejedlý, Alfréd,
|d 1930-
|4 aut
|9 92318
|
| 700 |
1 |
|
|a Priam, Štefan,
|d 1936-
|4 aut
|9 99653
|
| 919 |
|
|
|a 80-231-0357-1
|
| 958 |
|
|
|a OND
|
| 958 |
|
|
|a NB
|
| 968 |
|
|
|d 52
|
| 999 |
|
|
|c 912439
|d 914369
|
| 952 |
|
|
|a SNK
|b SNK
|y PREZ
|7 0
|p 17A0538509
|o snkSB 73706
|i snk2007/2523
|8 0
|0 0
|1 0
|4 0
|d 2007-01-29
|l 0
|r 2025-04-24 00:00:00
|w 2026-02-24
|
| 952 |
|
|
|a SNK
|b SNK
|y VYP
|7 0
|p 17A0538508
|o snkSB 73706 D1
|i snk2007/2524
|8 0
|0 0
|1 0
|4 0
|d 2007-01-29
|l 0
|r 2016-06-30 00:00:00
|w 2026-02-24
|